000 01291nam a22002657a 4500
001 7681
003 FISKH
005 20250731083945.0
008 250731b cb ||||| |||| 00| 0 eng d
020 _a9781846109072
040 _aFISKH
_beng
_cFISKH
_dFISKH
050 _aPZ7
082 _a823.92
100 _aBugbird, Tim
245 _aPeek a boo ! :
_bPerfect pets /
260 _aHertforshire :
_bMake Believe Ideas,
_c2008.
300 _a10 unnumbered pages :
_bcolor illustrations ;
_c18 cm
504 _aD
520 _aPeek A Boo! is a series of lively animal board books with full-page fold-out flaps, that unfold to reveal where the animals are hiding and what they are up to. These titles look at baby animals, farm animals, perfect pets and wacky wild animals. Bold and beautiful photography of cute baby animals, wonderful wild animals and funny farm animals will stimulate and encourage children to participate in the animals' hide-and-seek! With touch and feel areas to explore, and a lively combination of photography and artwork, toddlers will want to read these stimulating books again and again.
521 8 _a160
_bLexile estimate
521 8 _aD
_bRaz-Plus
650 _aAnimals
_vGeneral
_xBoard Book
_yPets
942 _2ddc
_cBK
_n0
999 _c7681
_d7681